000 00755nam a22002057a 4500
003 0
005 20250927104153.0
008 250927b xxu||||| |||| 00| 0 eng d
020 _a978-0-443-27366-7
050 _aRC 553.A88
_b.U63 2025
245 _aUnderstanding autism :
_bperspectives, assessment, interventions, and the journey towards inclusion /
_cedited by Neophytos L. Papaneophytou and Undurti N. Das.
260 _aLondon :
_bAcademic Press,
_c2025.
300 _axxxii, 464 pages :
_billustrations ;
_c23 cm.
504 _aIncludes bibliographical references and index.
650 _aAutism spectrum disorders.
650 _aAutism
_xDiagnosis.
650 _aAutistic people
_xEducation.
650 _aInclusive education.
942 _2lcc
_cBK
999 _c368134
_d368134